000 00638nam a2200181Ia 4500
008 090201s9999 xx 000 0 und d
010 _aKPL-66365
040 _bमराठी
041 _aमराठी
082 _a42538
_b66365
100 _aसुजाता गानु टिकेकर
245 _aआमच्या सहवासातील पु ल
_cसुजाता गानु टिकेकर
250 _a2
260 _c2005
_bसंयम पब्लिकेशन्स
300 _a190
_bमोठा
600 _aआमच्या सहवासातील पु ल
942 _cBOOK
999 _c239639
_d239639